Cooling flows in clusters and galaxies (Record no. 9465)

MARC details
000 -LEADER
fixed length control field 00972nam a2200229Ia 4500
003 - CONTROL NUMBER IDENTIFIER
control field IN-BaIIA
008 - FIXED-LENGTH DATA ELEMENTS--GENERAL INFORMATION
fixed length control field 211028s9999 xx 000 0 eng d
020 ## - INTERNATIONAL STANDARD BOOK NUMBER
International Standard Book Number 90-277-2707-4
040 ## - CATALOGING SOURCE
Transcribing agency IIA Library
080 ## - UNIVERSAL DECIMAL CLASSIFICATION NUMBER
Universal Decimal Classification number 524.77(082.2)
Item number COO
100 ## - MAIN ENTRY--PERSONAL NAME
Personal name Fabian, A. C.
9 (RLIN) 15934
111 ## - MAIN ENTRY--MEETING NAME
Meeting name or jurisdiction name as entry element NATO Advanced Research Workshop on Cooling Flows in Clusters and Galaxies
Location of meeting Cambridge, U.K
Date of meeting or treaty signing 1987 June 22-26
9 (RLIN) 15935
245 #0 - TITLE STATEMENT
Title Cooling flows in clusters and galaxies
Remainder of title proceedings of the NATO advanced research workshop on cooling flows in clusters and galaxies, held in Cambridge, U.K, 22-26 June 1987
Statement of responsibility, etc. A. C. Fabian
260 ## - PUBLICATION, DISTRIBUTION, ETC.
Place of publication, distribution, etc. Dordrecht
Name of publisher, distributor, etc. Kluwer Academic
Date of publication, distribution, etc. 1988
300 ## - PHYSICAL DESCRIPTION
Extent xii, 391p.
490 ## - SERIES STATEMENT
Series statement NATO ASI series. Series C : mathematical & physical sciences
650 ## - SUBJECT ADDED ENTRY--TOPICAL TERM
Topical term or geographic name entry element Astronomy and astrophysics thesaurus
650 ## - SUBJECT ADDED ENTRY--TOPICAL TERM
Topical term or geographic name entry element Clusters
9 (RLIN) 11176
650 ## - SUBJECT ADDED ENTRY--TOPICAL TERM
Topical term or geographic name entry element Clusters of galaxies
9 (RLIN) 13374
650 ## - SUBJECT ADDED ENTRY--TOPICAL TERM
Topical term or geographic name entry element Galaxies
9 (RLIN) 1286
942 ## - ADDED ENTRY ELEMENTS (KOHA)
Koha item type Books
Holdings
Withdrawn status Lost status Damaged status Not for loan Home library Current library Shelving location Date acquired Total Checkouts Full call number Barcode Date last seen Price effective from Koha item type
        IIA Library-Bangalore IIA Library-Bangalore General Stacks     524.77(082.2)/ COO 10375 05/11/2021   Books

Powered by Koha